Ученыя известия. 1816. Ч.1, № 60 (12 сент.) (Запись № 12877262)
[ простой вид ]
| 000 -МАРКЕР | |
|---|---|
| контрольное поле | 02687nam2a22003491 4500 |
| 001 - ИДЕНТИФИКАТОР ЗАПИСИ | |
| контрольное поле | RU\NLR\BIBL_A\022145188 |
| 005 - ИДЕНТИФИКАТОР ВЕРСИИ | |
| контрольное поле | 20240902173501.0 |
| 035 ## - ДРУГИЕ СИСТЕМНЫЕ НОМЕРА | |
| Идентификатор записи | (NLR Aleph) 022145188 |
| 100 ## - ДАННЫЕ ОБЩЕЙ ОБРАБОТКИ | |
| Данные общей обработки | 20240205d1816 m y0rusy50 ca |
| 101 0# - ЯЗЫК РЕСУРСА | |
| Язык текста, звукозаписи и т.д. | русский |
| 102 ## - СТРАНА ПУБЛИКАЦИИ ИЛИ ПРОИЗВОДСТВА | |
| Страна публикации | Российская Федерация |
| 135 ## - ПОЛЕ КОДИРОВАННЫХ ДАННЫХ: ЭЛЕКТРОННЫЕ РЕСУРСЫ | |
| Кодированные данные для электронного ресурса | crcn 024anaba |
| 200 0# - ЗАГЛАВИЕ И СВЕДЕНИЯ ОБ ОТВЕТСТВЕННОСТИ | |
| Основное заглавие | 1816. Ч.1, № 60 (12 сент.) |
| 210 ## - ПУБЛИКАЦИЯ, РАСПРОСТРАНЕНИЕ И ДР. | |
| Место издания, распространения и т.д. | [Санкт-Петербург] |
| Дата издания, распространения и т.д. | [1816] |
| 215 ## - ФИЗИЧЕСКАЯ ХАРАКТЕРИСТИКА | |
| Специфическое обозначение материала и объем | С.191-194 |
| Размеры | 8° |
| 300 ## - ОБЩИЕ ПРИМЕЧАНИЯ | |
| Текст примечания | Загл. на литогр. тит. л.: Ученыя известия, издаваемыя при Санктпетербургских ведомостях |
| 316 ## - ПРИМЕЧАНИЯ ОБ ОСОБЕННОСТЯХ ЭКЗЕМПЛЯРА | |
| Текст примечания | Экз. РНБ (1/471) № 1-88 в одном пер. В составном картон. пер., покрытом мрамор. бумагой, с коричневыми ледериновыми корешком и уголками. На корешке сохранены красная кожаная наклейка с вытисненным золотом загл. и зеленая кожаная наклейка с вытисненным золотом номером части. На нижней крышке пер. бумаж. наклейка с шифром РНБ. Размер: 20,2х12,6х2,5 см |
| Организация и экземпляр, к которому относится поле | NLR: 1/471 |
| 325 ## - ПРИМЕЧАНИЕ О КОПИИ | |
| Текст примечания | Копия доступна в Электрон. б-ке РНБ |
| 461 #0 - УРОВЕНЬ НАБОРА | |
| Встроенное поле | 001RU\NLR\INFOCOMM21\5000035996 |
| -- | 2001#$aУченыя известия$eПрибавление к С.П.Б. ведомостям$v1816. Ч.1, № 60 (12 сент.) |
| Системный номер (АБИС) связанной записи | 4638334 |
| Место публикации | [Санкт-Петербург |
| Дата публикации | 1816-1826] |
| Сведения, относящиеся к заглавию | Прибавление к С.П.Б. ведомостям |
| Заглавие | Ученыя известия. |
| Номер тома | 1816. Ч.1, № 60 (12 сент.) |
| 482 #0 - ПРИПЛЕТЕНО К | |
| Встроенное поле | 001RU\NLR\BIBL_A\022144875 |
| -- | 2000#$a1816. Ч.1, № 1 (4 янв.) |
| -- | 210##$a[Санкт-Петербург]$d[1816] |
| Системный номер (АБИС) связанной записи | 12876432 |
| Место публикации | [Санкт-Петербург] |
| Дата публикации | [1816] |
| Физическая характеристика | [2], 4 с. |
| Заглавие | Ученыя известия. - 1816. Ч.1, № 1 (4 янв.) |
| URL | https://vivaldi.nlr.ru/pm000051545/view |
| 852 ## - МЕСТОНАХОЖДЕНИЕ И ШИФР ХРАНЕНИЯ | |
| Идентификатор организации | NLR |
| Шифр хранения (Call Number) | 1/471 |
| 856 #0 - МЕСТОНАХОЖДЕНИЕ ЭЛЕКТРОННЫХ РЕСУРОВ И ДОСТУП К НИМ | |
| Универсальный идентификатор ресурса (Uniform Resource Identifier) | https://vivaldi.nlr.ru/pm000051604/view |
| 856 #1 - МЕСТОНАХОЖДЕНИЕ ЭЛЕКТРОННЫХ РЕСУРОВ И ДОСТУП К НИМ | |
| Универсальный идентификатор ресурса (Uniform Resource Identifier) | https://vivaldi.nlr.ru/pm000051604/cover |
| 856 #2 - МЕСТОНАХОЖДЕНИЕ ЭЛЕКТРОННЫХ РЕСУРОВ И ДОСТУП К НИМ | |
| Универсальный идентификатор ресурса (Uniform Resource Identifier) | https://vivaldi.nlr.ru/pm000051604/text |
| 901 ## - ДАННЫЕ ОБ ОБЪЕКТЕ ОЦИФРОВКИ | |
| -- | Журналы |
| 942 ## - ДОПОЛНИТЕЛЬНЫЕ ЭЛЕМЕНТЫ ЗАПИСИ (АБИС) | |
| Тип экземпляра АБИС | Выпуск |
| 980 ## - КОЛЛЕКЦИЯ | |
| Название коллекции | Национальная библиография |
| 981 20 - КОЛЛЕКЦИЯ ЭЛЕКТРОННОЙ БИБЛИОТЕКИ | |
| Название коллекции | Книжные памятники РНБ |
| Название подколлекции | Журналы и периодические альманахи |
Нет доступных экземпляров.